000 00368cam a2200157ua 4500
003 OSt
008 250823b |||||||| |||| 00| 0 eng d
041 _aeng
082 _a629.25
_bJUD/AU
100 _aJudge, Arthur W .
_97761
245 _aAutomotive engines /
250 _a8 /
260 _aMumbai :
_bB I Publishers ,
_c1983.
300 _a552 ; .
942 _cBK
999 _c6288
_d6288